Music Quiz

Random Music or Song Quiz

Scotty McCreery Song Quiz Stats

 Plays Quiz not verified by Sporcle

Support Sporcle.
Go Orange.
Score 0/232 Timer 10:00
0 Plays Today
% Correct
A
87.7%
The
87.7%
And
87.7%
The
87.7%
And
87.7%
The
87.7%
The
87.7%
The
87.7%
The
87.7%
A
87.7%
And
87.7%
And
87.7%
The
87.7%
And
87.7%
The
87.7%
And
87.7%
The
87.7%
The
87.7%
And
87.7%
The
87.7%
And
87.7%
The
87.7%
And
87.7%
The
87.7%
I
84%
I
84%
I
84%
I
84%
I
84%
To
61.9%
To
61.9%
To
61.9%
It
60.4%
It
60.4%
It
60.4%
It
60.4%
It
60.4%
It
60.4%
It
60.4%
It
60.4%
It
60.4%
It
60.4%
That
53.7%
That
53.7%
That
53.7%
That
53.7%
That
53.7%
That
53.7%
That
53.7%
That
53.7%
That
53.7%
He
53%
He
53%
He
53%
He
53%
He
53%
He
53%
No
52.2%
In
51.5%
In
51.5%
In
51.5%
On
50.7%
On
50.7%
On
50.7%
On
50.7%
On
50.7%
On
50.7%
When
47%
When
47%
When
47%
When
47%
Was
46.3%
Was
46.3%
Was
46.3%
Of
44.8%
Of
44.8%
There
44.4%
There
44.4%
% Correct
There
44.4%
See
43.7%
Old
42.9%
Old
42.9%
Old
42.9%
Old
42.9%
Old
42.9%
Him
42.5%
Him
42.5%
Him
42.5%
She
42.2%
She
42.2%
Then
41%
Now
41%
Now
41%
Then
41%
Now
41%
Now
41%
Now
41%
Gave
40.7%
King
40.3%
James
40.3%
King
40.3%
James
40.3%
Her
40.3%
King
40.3%
James
40.3%
Her
40.3%
King
40.3%
James
40.3%
King
40.3%
James
40.3%
With
39.9%
Im
39.9%
Got
39.6%
Every
39.6%
Every
39.6%
Every
39.6%
Every
39.6%
Got
39.6%
Preacher
38.8%
Night
38.8%
His
38.1%
His
38.1%
Life
37.7%
Life
37.7%
Said
37.3%
For
37.3%
Said
37.3%
Said
37.3%
Day
36.9%
Eight
36.6%
Saved
36.6%
Little
36.6%
Read
36.6%
Saved
36.6%
Read
36.6%
Church
36.2%
Back
35.8%
Good
35.8%
Time
35.1%
Bet
34.7%
Torn
34.7%
Torn
34.7%
Torn
34.7%
Hope
34.3%
Hope
34.3%
Left
34.3%
Covers
34%
Worn
34%
Down
34%
Covers
34%
Worn
34%
Down
34%
Covers
34%
Worn
34%
Sunday
33.6%
Morning
33.6%
% Correct
Took
33.6%
Right
33.6%
Page
33.6%
Know
33.6%
Took
33.6%
Bible
33.2%
Not
32.8%
Leathers
32.8%
Germany
32.8%
Swore
32.8%
Just
32.8%
Just
32.8%
Leathers
32.8%
Leathers
32.8%
France
32.5%
Middle
32.5%
Hell
32.5%
Book
32.5%
New
32.1%
England
32.1%
Would
32.1%
Would
32.1%
Yellow
32.1%
Tear-drop
32.1%
Up
31.7%
Looked
31%
Stains
31%
Did
31%
School
30.6%
Overseas
30.6%
Died
30.6%
You're
30.6%
Dust
30.2%
Other
30.2%
Grandaddy
29.9%
Momma
29.9%
Turn
29.9%
Feeling
29.9%
Brand
29.5%
One
29.5%
I'd
29.1%
Chapter
29.1%
Only
28.7%
Passed
28.7%
Pick
28.7%
Lines
28.7%
Yes
28.7%
Word
28.4%
Start
28.4%
Or
28.4%
Been
28.4%
All
28.4%
Sharp
28%
Yeah
28%
Gathering
27.6%
Faded
27.2%
Longest
27.2%
Missing
27.2%
Sat
26.9%
But
26.9%
Toted
26.5%
Take
26.5%
Things
26.1%
Ma'am
25.7%
You'll
25.4%
Never
25%
War
24.6%
Kids
24.6%
Crazy
24.3%
May
24.3%
Toll
24.3%
Through
23.9%
Stupid
23.9%
Whos
23.9%
Cancer
23.5%
Find
22.8%

You're not logged in!

Compare scores with friends on all Sporcle quizzes.
OR
Log In

From the Vault

Jim, Jimmy, or James?

by Exodiafinder687

We don't get why there aren't more Jimbos out there.
Remove Ads.
Support Sporcle.
Get the best of Sporcle when you Go Orange. This ad-free experience offers more features, more stats, and more fun while also helping to support Sporcle. Thank you for becoming a member.

Show Comments

Extras

Top Quizzes Today


Score Distribution

Your Account Isn't Verified!

In order to create a playlist on Sporcle, you need to verify the email address you used during registration. Go to your Sporcle Settings to finish the process.

Report this User

Report this user for behavior that violates our Community Guidelines.

Details: